[Event "Wch U12"]
[Site "Maribor"]
[Date "2012.11.18"]
[Round "11.54"]
[White "Mukashev, Aminzhan"]
[Black "Djurhuus, Eivind X"]
[Result "0-1"]
[WhiteElo "1512"]
[BlackElo "1831"]
[PlyCount "94"]
[EventDate "2012.11.08"]
[EventType "swiss"]
[EventRounds "11"]
[EventCountry "SLO"]
[SourceTitle "EXT 2013"]
[Source "ChessBase"]
[SourceDate "2012.11.22"]
[SourceVersion "1"]
[SourceVersionDate "2012.11.22"]
[SourceQuality "1"]

1. e4 e6 2. d4 d5 3. Nd2 Nf6 4. e5 Nfd7 5. f4 c5 6. c3 Nc6 7. Ndf3 Qb6 8. Ne2 Be7 9. g3 0-0 10. Bh3 cxd4 11. cxd4 Qb4+ 12. Kf2 Nb6 13. a3 Qa5 14. Bd2 Qb5 15. Nc3 Qd3 16. Bf1 Qf5 17. Be3 Nc4 18. b3 Nxe3 19. Kxe3 Bd7 20. h3 Rac8 21. Bd3 Qh5 22. g4 Qh6 23. g5 Qh5 24. Ne2 f6 25. g6 fxe5 26. Nxe5 Nxe5 27. gxh7+ Kh8 28. dxe5 Bc5+ 29. Kd2 Qf3 30. Nc3 Qxf4+ 31. Kc2 Bd4 32. Rf1 Qh2+ 33. Kb1 Bxc3 34. Ra2 Qxe5 35. Rg1 Qe3 36. Re2 Qxh3 37. Reg2 Qf3 38. Be2 Qe3 39. Rg3 Qc5 40. b4 Qb6 41. Rxc3 Rxc3 42. Rxg7 Kxg7 43. Qh1 Qe3 44. Qh4 Rb3+ 45. Ka2 Rxa3+ 46. Kb2 Qc3+ 47. Kb1 Ra1# 0-1

[Event "Wch U12"]
[Site "Maribor"]
[Date "2012.11.09"]
[Round "2.58"]
[White "Lagunow, Raphael"]
[Black "Mukashev, Aminzhan"]
[Result "1-0"]
[WhiteElo "1882"]
[BlackElo "1512"]
[PlyCount "61"]
[EventDate "2012.11.08"]
[EventType "swiss"]
[EventRounds "11"]
[EventCountry "SLO"]
[SourceTitle "EXT 2013"]
[Source "ChessBase"]
[SourceDate "2012.11.22"]
[SourceVersion "1"]
[SourceVersionDate "2012.11.22"]
[SourceQuality "1"]

1. e4 c5 2. c3 d5 3. exd5 Qxd5 4. d4 Nf6 5. Nf3 Bg4 6. Be2 e6 7. Be3 cxd4 8. cxd4 Bb4+ 9. Nc3 Ne4 10. Bd2 Nxc3 11. bxc3 Bd6 12. h3 Bf5 13. 0-0 Nd7 14. c4 Qc6 15. d5 exd5 16. Nd4 Qc7 17. Nxf5 Be5 18. Rc1 d4 19. Bd3 Nc5 20. Bb4 g6 21. Bxc5 Qxc5 22. f4 Bf6 23. Ng3 0-0-0 24. Ne4 Qc6 25. c5 Kb8 26. Nd6 Rxd6 27. cxd6 Qxd6 28. Qe2 g5 29. Qe4 Qd7 30. fxg5 Be7 31. Qe5+ 1-0